000 00304nam a22001457a 4500
008 210302b ||||| |||| 00| 0 eng d
020 _a9780078035630
041 _aeng
080 _a510
082 _a510
100 _a36
101 _aMAT
245 _aCollege Algebra
_cMiller, J
942 _2udc
_cBK
999 _c55492
_d55492